Catálogo

Cómo se escribe la historia : (Registro nro. 60914)

Detalles MARC
000 -LEADER
fixed length control field 00859nam a2200229 a 4500
001 - CONTROL NUMBER
control field 60914
005 - DATE AND TIME OF LATEST TRANSACTION
control field 20180714062341.0
008 - FIXED-LENGTH DATA ELEMENTS--GENERAL INFORMATION
fixed length control field 140415s2009 sp 000 0 spa d
020 ## - INTERNATIONAL STANDARD BOOK NUMBER
International Standard Book Number 978-84-249-3591-7
082 0# - DEWEY DECIMAL CLASSIFICATION NUMBER
Classification number 907.2
Item number TUC
100 1# - MAIN ENTRY--PERSONAL NAME
Personal name Tuchman, Barbara Wertheim,
Dates associated with a name 1912-1989,
Relator term autor
245 10 - TITLE STATEMENT
Title Cómo se escribe la historia :
Remainder of title las claves para entender la historia y otros ensayos /
Statement of responsibility, etc. Barbara W. Tuchman ; traducción de Beatriz Iglesias Lamas.
264 #1 - PRODUCTION, PUBLICATION, DISTRIBUTION, MANUFACTURE, AND COPYRIGHT NOTICE
Place of production, publication, distribution, manufacture España :
Name of producer, publisher, distributor, manufacturer Editorial Gredos,
Date of production, publication, distribution, manufacture, or copyright notice 2009
300 ## - PHYSICAL DESCRIPTION
Extent 359 páginas ;
Dimensions 23 cm.
336 ## - CONTENT TYPE
Content type term texto
Content type code rdacontent
337 ## - MEDIA TYPE
Media type term sinmediación
Source rdamedia
338 ## - CARRIER TYPE
Carrier type term volumen
Source rdacarrier
490 0# - SERIES STATEMENT
Series statement Biblioteca de la nueva cultura, Serie Historia
650 04 - SUBJECT ADDED ENTRY--TOPICAL TERM
Topical term or geographic name entry element Historia contemporánea
Form subdivision Ensayos
650 04 - SUBJECT ADDED ENTRY--TOPICAL TERM
Topical term or geographic name entry element Historiografía
700 1# - ADDED ENTRY--PERSONAL NAME
Personal name Iglesias Lamas, Beatriz,
Relator term traductor
Existencias
Withdrawn status Lost status Source of classification or shelving scheme Damaged status Not for loan Collection code Home library Current library Shelving location Date acquired Source of acquisition Inventory number Total Checkouts Full call number Barcode Date last seen Date last checked out Price effective from Koha item type Total Renewals
    Dewey Decimal Classification     General Biblioteca Karol Wojtyla Biblioteca Karol Wojtyla Sala general 10/10/2014 Compra 151000000000000000010021 1 907.2 TUC 2009 92605 05/01/2026 22/11/2025 10/10/2014 Libro  
    Dewey Decimal Classification     General Biblioteca Karol Wojtyla Biblioteca Karol Wojtyla Sala general 21/08/2014 Compra 151000000000000000010020 1 907.2 TUC 2009 92317 05/01/2026 19/08/2023 21/08/2014 Libro 1